000
00253 a2200109 4500
000
nam a22 7a 4500
005
20260205163356.0
100
_a
Bedford, Daniel
_9
1114002
245
_a
Climate Change
260
_b
Bloomsbury
_c
2023
942
_c
TEXL
999
_c
1678723
_d
1678723